Score 0/50 Timer 15:00
0 Plays Today
% Correct
Sakura
72.3%
Ai
70.6%
Ai
70.6%
Yōko
58.9%
Yōko
58.9%
Yōko
58.9%
Keiko
55.8%
Keiko
55.8%
Haruka
52.8%
Mai
52.4%
Mai
52.4%
Yūko
51.1%
Sachiko
48.5%
Sachiko
48.5%
Sachiko
48.5%
Sachiko
48.5%
Yūka
47.2%
Kyōko
47.2%
Kana
46.3%
Kaori
45%
Nanami
44.2%
Fumiko
42%
Fumiko
42%
Chiyo
41.6%
Mayumi
41.6%
% Correct
Setsuko
41.6%
Mayumi
41.6%
Setsuko
41.6%
Hiroko
40.7%
Hiroko
40.7%
Kiyo
40.3%
Akemi
39.4%
Yumiko
38.1%
Kumiko
37.2%
Kumiko
37.2%
Misaki
37.2%
Misaki
37.2%
Kazuko
36.4%
Kazuko
36.4%
Kazuko
36.4%
Megumi
35.9%
Tomoko
35.9%
Yoshiko
34.6%
Natsuki
34.6%
Chiyoko
34.2%
Mami
33.3%
Shizuko
32.5%
Hisako
30.3%
Hisako
30.3%
Miyoko
28.6%
Remove Ads.
Support Sporcle.
Get the best of Sporcle when you Go Orange. This ad-free experience offers more features, more stats, and more fun while also helping to support Sporcle. Thank you for becoming a member.

You're not logged in!

Compare scores with friends on all Sporcle quizzes.
OR
Log In

Show Comments

Extras

Top Quizzes Today


Score Distribution

Your Account Isn't Verified!

In order to create a playlist on Sporcle, you need to verify the email address you used during registration. Go to your Sporcle Settings to finish the process.

Report this User

Report this user for behavior that violates our Community Guidelines.

Details: